书目信息 |
| 题名: |
<<辑录古籍序跋集>>译注
|
|
| 作者: | 福建师范大学中文系 编 | |
| 分册: | ||
| 出版信息: | 福州 福建人民出版社 1980.3 |
|
| 页数: | 292 | |
| 开本: | 19cm | |
| 丛书名: | ||
| 单 册: | ||
| 中图分类: | I210.3 | |
| 科图分类: | ||
| 主题词: | ||
| 电子资源: | ||
| ISBN: | ||
| 000 | 00468nam0 2200169 45 | |
| 001 | 0181013676 | |
| 005 | 20070729141927.38 | |
| 010 | @dCNY0.69 | |
| 100 | @a20810111d km y0chiy0120 ea | |
| 101 | 0 | @achi |
| 200 | 1 | @Ajilugujixubaji@a<<辑录古籍序跋集>>译注@f福建师范大学中文系编 |
| 210 | @a福州@c福建人民出版社@d1980.3 | |
| 215 | @a292@c无图表@d19cm | |
| 690 | @aI210.3 | |
| 701 | 0 | @a福建师范大学中文系@4编 |
| 801 | @aCN@bTSTC@c20070729 | |
| 905 | @dI210.3@e142@f1@b179436 | |
| <<辑录古籍序跋集>>译注/福建师范大学中文系编.-福州:福建人民出版社,1980.3 |
| 292:无图表;19cm |
| ISBN :CNY0.69 |
| ● |
| 相关链接 |
|
|
|
|
正题名:《辑录古籍序跋集》译注
索取号:I210.3/142
 
预约/预借
| 序号 | 登录号 | 条形码 | 馆藏地/架位号 | 状态 | 备注 |
| 1 | 0179436 | 202440304 | 第一样本阅览室/ [索取号:I210.3/142] | 在馆 | |
| 2 | 0787472 | 207874727 | 密集书库/ [索取号:I210.3/142] | 在馆 |